Programa Sessió informativa per a electes de serveis socials : Dijous 14 de desembre de 2023 : Paranimf de l'Escola Industrial Dijous 14 de desembre de 2023 : Paranimf de l'Escola Industrial
Descripción Física:
1 full DIN-A 4 ; il·lustrat color (una cara) ; 21 x 30 cm
Materias:
Municipis -- Aspectes socials
; Municipis -- Govern i administració -- Aspectes socials
; Fulletons
Idioma:
Catalán
MARC
| LEADER | 00000nam a22000007a 4500 | ||
|---|---|---|---|
| 001 | 28431 | ||
| 003 | AGDB | ||
| 005 | 20260324181522.0 | ||
| 008 | 240311b spa||||| |||| 00| 0 cat d | ||
| 017 | |a B 21897-2023 | ||
| 040 | |a agdb |b cat | ||
| 245 | |a Programa Sessió informativa per a electes de serveis socials : |b Dijous 14 de desembre de 2023 : Paranimf de l'Escola Industrial | ||
| 260 | |a Barcelona : |b Diputació de Barcelona ; |c 2023 | ||
| 300 | |a 1 full DIN-A 4 ; |b il·lustrat color (una cara) ; |c 21 x 30 cm | ||
| 650 | 0 | |a Municipis |x Aspectes socials |2 Arxiu |9 25638 | |
| 650 | 0 | |a Municipis |x Govern i administració |x Aspectes socials |9 70593 | |
| 655 | 0 | |a Fulletons |9 55858 | |
| 710 | |a Barcelona (Catalunya : Província). |b Àrea de Sostenibilitat Social, Cicle de Vida i Comunitat |9 70555 | ||
| 942 | |c ARXIU |2 udc |n 1 | ||
| 952 | |0 0 |1 0 |4 0 |6 FU7679 |7 1 |9 96839 |a Arxiu |b Arxiu |d 2024-03-11 |l 0 |o FU-76-79 |p 28431 |r 2024-03-11 00:00:00 |w 2024-03-11 |y ARXIU | ||
| 999 | |c 128676 |d 128676 | ||